[Event "AUTO-ADV-624"]
[Site "http://www.queenalice.com/game.php?id=302049"]
[Date "2007.11.11"]
[Round "2"]
[White "tratrax"]
[Black "cardi"]
[Result "0-1"]
[WhiteElo "1941"]
[BlackElo "2070"]

1. Nf3 d5 2. d4 Nf6 3. c4 c6 4. Nc3 e6 5. Bg5 Nbd7 6. e3 Bb4 7. a3 Bxc3+ 8. bxc3
Qa5 9. Qb3 Ne4 10. Rc1 dxc4 11. Qb4 Qxb4 12. axb4 Nxg5 13. Nxg5 b5 14. g3 O-O
15. Bg2 Bb7 16. O-O a5 17. bxa5 Rxa5 18. Ne4 Ra6 19. Nd6 Rb8 20. Ra1 Rxa1 21.
Rxa1 Ra8 22. Rxa8+ Bxa8 23. f4 Nb6 24. Kf2 Kf8 25. e4 Na4 26. d5 exd5 27. exd5
cxd5 28. Nxb5 Bc6 29. Nd4 Bb7 30. Ne2 Ke7 31. Ke3 g6 32. Kd4 Kd6 33. Bh3 f6 34.
f5 g5 35. Bg4 Bc8 36. h4 h5 37. Bf3 Nb6 38. hxg5 fxg5 39. Bxh5 Bxf5 40. Bf3 Be6
41. g4 Nd7 42. Ng1 Ne5 43. Be2 Nc6+ 44. Ke3 Ne5 45. Nh3 Bxg4 46. Bxg4 Nxg4+ 47.
Kd4 Nh6 48. Nxg5 Nf5# 0-1

[Event "AUTO-ADV-624"]
[Site "http://www.queenalice.com/game.php?id=302050"]
[Date "2007.11.11"]
[Round "2"]
[White "cardi"]
[Black "tratrax"]
[Result "0-1"]
[WhiteElo "2094"]
[BlackElo "1930"]

1. e4 c6 2. d4 d5 3. exd5 cxd5 4. Nf3 Bg4 5. Bf4 Nf6 6. Bb5+ Nbd7 7. Nbd2 e6 8.
O-O a6 9. Bxd7+ Qxd7 10. h3 Bh5 11. Ne5 Bxd1 12. Nxd7 Kxd7 13. Raxd1 h6 14. Rfe1
Rc8 15. c3 b5 16. Nb3 Ne4 17. f3 Nd6 18. Nc5+ Kd8 19. Nxa6 Nc4 20. b3 Nb6 21.
Rc1 Be7 22. Be5 Rg8 23. Bg3 Kd7 24. b4 Ra8 25. Nc7 Rxa2 26. Nxb5 Rga8 27. Kf1
Nc4 28. Re2 Rxe2 29. Kxe2 Ra2+ 30. Ke1 Rxg2 31. Bf4 Bh4+ 32. Kf1 Rf2+ 33. Kg1
Rxf3 34. Be5 Rxh3 35. Kg2 Re3 36. Ra1 Nxe5 37. dxe5 Rxe5 38. Ra7+ Kc6 39. Nd4+
Kb6 40. Rxf7 Bf6 41. Rd7 Rg5+ 42. Kf3 Bxd4 43. cxd4 h5 44. Rd6+ Kb5 45. Rxe6
Kxb4 46. Rc6 h4 47. Kf4 Rg1 48. Rc2 g5+ 49. Kf3 h3 50. Rh2 g4+ 51. Kf4 Rg2 52.
Rh1 h2 0-1

[Event "AUTO-ADV-563"]
[Site "http://www.queenalice.com/game.php?id=309973"]
[Date "2007.11.25"]
[Round "2"]
[White "tratrax"]
[Black "gyatso"]
[Result "1-0"]
[WhiteElo "1926"]
[BlackElo "1626"]

1. Nf3 Nf6 2. d4 g6 3. e3 Bg7 4. c4 O-O 5. Bd3 d5 6. O-O c5 7. dxc5 Bg4 8. Nbd2
Na6 9. Nb3 Rc8 10. cxd5 Nxc5 11. Nxc5 Rxc5 12. e4 Nxd5 13. Be2 1-0

[Event "AUTO-ADV-563"]
[Site "http://www.queenalice.com/game.php?id=309974"]
[Date "2007.11.25"]
[Round "2"]
[White "gyatso"]
[Black "tratrax"]
[Result "0-1"]
[WhiteElo "1622"]
[BlackElo "1930"]

1. d4 Nf6 2. c4 c6 3. Nf3 d5 4. g3 dxc4 5. Bg2 e6 6. O-O Nbd7 7. a4 a6 8. a5 Bb4
9. Bd2 Qe7 10. Qc2 Nd5 11. Qxc4 Bxd2 12. Nbxd2 O-O 0-1

[Event "AUTO-ADV-563"]
[Site "http://www.queenalice.com/game.php?id=309975"]
[Date "2007.11.25"]
[Round "2"]
[White "tratrax"]
[Black "josecastroman"]
[Result "0-1"]
[WhiteElo "1953"]
[BlackElo "1843"]

1. Nf3 Nc6 2. d4 d5 3. c4 Nf6 4. Nc3 Bg4 5. e3 a6 6. b3 e6 7. Be2 Bb4 8. Bd2 O-O
9. O-O Bxc3 10. Bxc3 Ne4 11. Bb2 b6 12. h3 Bh5 13. g4 Bg6 14. h4 f5 15. g5 Bh5
16. Nh2 Bf7 17. Nf3 Qd6 18. cxd5 exd5 19. Ne5 Nxe5 20. dxe5 Qe6 21. f4 c6 22.
Kg2 a5 23. Rc1 Rad8 24. Rc2 c5 25. Qd3 h6 26. Rh1 h5 27. Qd1 g6 28. a3 Qc6 29.
a4 d4 30. Bb5 Qb7 31. exd4 Nc3+ 32. Qf3 Bd5 33. Bc4 Ne4 34. dxc5 bxc5 35. Re1
Kh7 36. Bxd5 Rxd5 37. Ba3 Rfd8 38. Rce2 Rd3 39. Re3 Rd2+ 40. R1e2 R8d4 41. Bb2
Rxe2+ 42. Rxe2 Rb4 43. Re3 c4 44. Bc3 Rxb3 45. Bxa5 Rxe3 46. Qxe3 Nxg5+ 47. Kh2
Qb2+ 48. Bd2 Ne4 49. e6 c3 50. Qa7+ Kh6 51. Qd4 Qxd2+ 52. Qxd2 cxd2 53. e7 d1=Q
54. e8=Q Qe2+ 55. Kg1 Qf2+ 0-1

[Event "AUTO-ADV-563"]
[Site "http://www.queenalice.com/game.php?id=309976"]
[Date "2007.11.25"]
[Round "2"]
[White "josecastroman"]
[Black "tratrax"]
[Result "0-1"]
[WhiteElo "1837"]
[BlackElo "1930"]

1. e4 c5 2. Nf3 a6 3. a3 Nc6 4. Bc4 g6 5. Nc3 Bg7 6. d3 e6 7. Bg5 Nge7 8. Qd2
O-O 9. O-O-O b5 10. Ba2 b4 11. Nb1 a5 12. a4 d5 13. exd5 exd5 14. Bh6 Nf5 15.
Bxg7 Kxg7 16. g4 Nfd4 17. Nxd4 Nxd4 18. h3 Rb8 19. b3 Nf3 20. Qf4 Qg5 21. Qxg5
Nxg5 22. f4 Nf3 23. Rdf1 Nd4 24. Nd2 Ne2+ 25. Kb2 Ng3 26. Bb1 Bb7 27. c3 bxc3+
28. Kxc3 d4+ 0-1

[Event "AUTO-ADV-648"]
[Site "http://www.queenalice.com/game.php?id=314082"]
[Date "2007.12.3"]
[Round "2"]
[White "Eduarte"]
[Black "tratrax"]
[Result "1-0"]
[WhiteElo "1917"]
[BlackElo "1830"]

1. e4 c5 2. Nf3 a6 3. g3 g6 4. Bg2 Bg7 5. c3 Nc6 6. O-O d6 7. d4 cxd4 8. cxd4
Nf6 9. Nc3 O-O 10. Be3 Nd7 11. Rb1 b5 12. Qd2 Bb7 13. a3 e6 14. Rfd1 Rc8 15. Bh6
f5 16. exf5 Rxf5 17. Nh4 Rf7 18. Bxg7 Kxg7 19. Qe3 Qf6 20. Ne4 Qe7 21. Ng5 Rf6
22. Ne4 Rff8 23. Nf3 Na5 24. b3 Nf6 25. Nfg5 Bd5 26. Nxf6 Qxf6 27. Bxd5 exd5 28.
Ne6+ Kg8 29. Nxf8 Rxf8 30. Rdc1 Qf7 31. Rc2 Re8 32. Qd2 Nb7 33. Rc6 a5 34. Rbc1
Re7 35. Qh6 Qe8 36. Rc8 Nd8 37. Kg2 Re2 38. R1c7 Qe4+ 39. Kh3 Qf5+ 40. g4 Qf3+
41. Kh4 Qxf2+ 42. Kg5 1-0

[Event "AUTO-ADV-648"]
[Site "http://www.queenalice.com/game.php?id=314083"]
[Date "2007.12.3"]
[Round "2"]
[White "tratrax"]
[Black "Eduarte"]
[Result "0-1"]
[WhiteElo "1844"]
[BlackElo "1903"]

1. e4 e5 2. Nc3 Nc6 3. f4 d6 4. Bb5 Bd7 5. d3 Nf6 6. Nf3 Be7 7. O-O O-O 8. f5 a6
9. Ba4 b5 10. Bb3 Na5 11. Be3 Nxb3 12. cxb3 c5 13. Nd2 Bc6 14. g4 d5 15. Bf2
dxe4 16. dxe4 b4 17. Na4 Nxe4 18. Nxe4 Bxe4 19. Nxc5 Bc6 20. Re1 Bd6 21. Qc2 Qg5
22. h3 Bf3 23. Ne4 Bxe4 24. Rxe4 Qe7 25. Rc1 h6 26. Kg2 Rac8 27. Qd2 Qb7 28. Kf3
Be7 29. h4 Rfd8 30. Rxc8 Rxc8 31. Qd3 Rd8 32. Qe2 Bf6 33. Kg3 a5 34. Bc5 Qd5 35.
Bb6 Rc8 36. Rc4 Rb8 37. Qe3 Rb7 38. g5 hxg5 39. hxg5 Be7 40. Bc7 a4 41. Bxe5
axb3 42. axb3 Rd7 0-1

[Event "AUTO-ADV-648"]
[Site "http://www.queenalice.com/game.php?id=314086"]
[Date "2007.12.3"]
[Round "2"]
[White "guzanito"]
[Black "tratrax"]
[Result "1-0"]
[WhiteElo "2084"]
[BlackElo "1940"]

1. e4 c6 2. d4 d5 3. Nc3 dxe4 4. Bc4 Bf5 5. f3 exf3 6. Nxf3 e6 7. O-O Bd6 8. Ng5
Nf6 9. Rxf5 exf5 10. Nxf7 Qc7 11. Qe2+ Kf8 12. Nxh8 Bxh2+ 13. Kh1 Ng4 14. Be6
Qg3 15. Ne4 fxe4 16. Qxg4 Qd6 17. Qf5+ Ke7 18. Qf7+ 1-0

[Event "AUTO-ADV-648"]
[Site "http://www.queenalice.com/game.php?id=314087"]
[Date "2007.12.3"]
[Round "2"]
[White "tratrax"]
[Black "guzanito"]
[Result "0-1"]
[WhiteElo "1937"]
[BlackElo "2110"]

1. Nf3 d6 2. d4 Nf6 3. c4 g6 4. Nc3 Bg7 5. Bg5 O-O 6. Qc1 c5 7. Bh6 cxd4 8. Nxd4
Nc6 9. Bxg7 Kxg7 10. Nf3 Bf5 11. e3 Rc8 12. Be2 Nb4 13. O-O d5 14. a3 Nc2 15.
Ra2 dxc4 16. Rd1 Qc7 17. Rd2 Rfd8 18. Rxc2 Bxc2 19. Qxc2 a6 20. Ra1 b5 21. Rc1
Rd7 22. Ne4 Rcd8 23. Qc3 Qb6 24. Qe5 Qc6 25. Nxf6 exf6 26. Qc3 Qe6 27. Nd4 Rxd4
28. exd4 Qxe2 29. g3 Qg4 30. Qa5 Qxd4 31. Qxa6 Qxb2 32. Re1 Rd2 33. Qa7 c3 34.
Qc5 c2 35. Kg2 Rd1 36. Re8 Kh6 37. Qe3+ g5 38. Qe7 Rg1+ 39. Kh3 Qb3 40. Qxf6+
Kh5 41. Re3 g4# 0-1

[Event "AUTO-ADV-648"]
[Site "http://www.queenalice.com/game.php?id=314090"]
[Date "2007.12.3"]
[Round "2"]
[White "tratrax"]
[Black "jdieguezgrm"]
[Result "1-0"]
[WhiteElo "1934"]
[BlackElo "1602"]

1. e4 e5 2. Nf3 Nc6 3. Bc4 Qf6 4. d3 Bc5 5. O-O h6 6. a3 a6 7. c3 d6 8. Be3 Bg4
9. Nbd2 Bxf3 10. Nxf3 O-O-O 11. b4 1-0

[Event "QA-ANNIV-03"]
[Site "http://www.queenalice.com/game.php?id=316062"]
[Date "2007.12.6"]
[Round "4"]
[White "GileCAR"]
[Black "tratrax"]
[Result "1-0"]
[WhiteElo "1815"]
[BlackElo "1947"]

1. e4 c5 2. Nf3 a6 3. c4 Nc6 4. d4 cxd4 5. Nxd4 Nf6 6. Nc3 e5 7. Nf5 d5 8. cxd5
Bxf5 9. exf5 Nd4 10. Bg5 Be7 11. Bxf6 Bxf6 12. Bd3 O-O 13. O-O Re8 14. Qg4 Qb6
15. Ne4 Be7 16. d6 Bxd6 17. Nf6+ Kh8 18. Nxh7 Be7 19. Rae1 f6 20. Qh5 Kg8 21.
Bc4+ Ne6 22. Bxe6+ Qxe6 23. fxe6 Bb4 24. Nxf6+ 1-0

[Event "AUTO-ADV-815"]
[Site "http://www.queenalice.com/game.php?id=360675"]
[Date "2008.2.25"]
[Round "1"]
[White "SRIVERO"]
[Black "tratrax"]
[Result "1-0"]
[WhiteElo "1714"]
[BlackElo "1894"]

1. d4 Nf6 2. c4 d5 3. Nc3 c6 4. Nf3 Bg4 5. e3 e6 6. a3 Nbd7 7. Bd3 dxc4 8. Bxc4
Bd6 9. O-O Nb6 10. Bb3 Bc7 11. Qc2 Bxf3 12. gxf3 Nfd5 13. Bxd5 exd5 14. Qf5 Nc4
15. b3 Nd6 16. Qg4 Qf6 17. Kh1 Nf5 18. e4 1-0

[Event "AUTO-ADV-815"]
[Site "http://www.queenalice.com/game.php?id=360676"]
[Date "2008.2.25"]
[Round "1"]
[White "tratrax"]
[Black "SRIVERO"]
[Result "0-1"]
[WhiteElo "1871"]
[BlackElo "1737"]

1. e4 c5 2. Nc3 e5 3. d3 Nc6 4. g3 Nf6 5. Bg2 g6 6. f4 Bg7 7. Nf3 d6 8. O-O O-O
9. Rb1 Bg4 10. h3 Bxf3 11. Qxf3 a6 12. f5 Nd4 13. Qf2 b5 14. g4 h5 15. Bg5 hxg4
16. hxg4 Nxg4 17. Bxd8 Nxf2 18. Be7 Rfc8 0-1

[Event "AUTO-ADV-815"]
[Site "http://www.queenalice.com/game.php?id=360685"]
[Date "2008.2.25"]
[Round "1"]
[White "janosik"]
[Black "tratrax"]
[Result "1-0"]
[WhiteElo "1965"]
[BlackElo "1801"]

1. e4 c6 2. c4 d5 3. cxd5 cxd5 4. exd5 Qxd5 5. Nc3 Qa5 6. d4 Bf5 7. Nf3 Nc6 8.
Bb5 Rc8 9. O-O a6 10. Bd3 Bg4 11. Be3 e6 12. h3 1-0

[Event "AUTO-ADV-815"]
[Site "http://www.queenalice.com/game.php?id=360686"]
[Date "2008.2.25"]
[Round "1"]
[White "tratrax"]
[Black "janosik"]
[Result "0-1"]
[WhiteElo "1811"]
[BlackElo "1955"]

1. Nf3 d5 2. d4 Nf6 3. g3 c5 4. Bg2 Nc6 5. dxc5 e5 6. Bg5 e4 7. Nd4 Bxc5 8. e3
Bxd4 9. exd4 Qb6 10. Nd2 Qxb2 0-1

[Event "AUTO-MASTER-474"]
[Site "http://www.queenalice.com/game.php?id=360993"]
[Date "2008.2.25"]
[Round "1"]
[White "tratrax"]
[Black "toninho89"]
[Result "0-1"]
[WhiteElo "1817"]
[BlackElo "2336"]

1. Nf3 d5 2. d4 Nf6 3. Bf4 e6 4. e3 Ne4 5. Nbd2 f5 6. Ne5 Bd6 7. Nxe4 fxe4 8.
Be2 O-O 9. O-O Nd7 10. Bg4 Qf6 11. Nxd7 Bxd7 12. Bg3 Qg5 13. Bh3 Bxg3 14. hxg3
Qe7 0-1

[Event "AUTO-MASTER-474"]
[Site "http://www.queenalice.com/game.php?id=360994"]
[Date "2008.2.25"]
[Round "1"]
[White "toninho89"]
[Black "tratrax"]
[Result "1-0"]
[WhiteElo "2337"]
[BlackElo "1815"]

1. d4 Nf6 2. c4 e6 3. Nc3 c6 4. e4 d5 5. e5 Nfd7 6. Qh5 Be7 7. Nf3 g6 8. Qh6 f5
9. Qg7 Rf8 10. Qxh7 c5 11. Qxg6+ Rf7 12. Ng5 Bxg5 13. Bxg5 1-0

[Event "AUTO-MASTER-474"]
[Site "http://www.queenalice.com/game.php?id=360995"]
[Date "2008.2.25"]
[Round "1"]
[White "tratrax"]
[Black "Ccello93"]
[Result "0-1"]
[WhiteElo "1792"]
[BlackElo "2238"]

1. Nf3 Nf6 2. d4 d5 3. Bf4 Nbd7 4. Nc3 c6 5. h3 Qb6 6. Na4 Qa5+ 7. Nc3 Ne4 8.
Qd3 e5 9. Nxe5 Nb6 10. f3 Nxc3 11. bxc3 Ba3 0-1

[Event "AUTO-MASTER-474"]
[Site "http://www.queenalice.com/game.php?id=360996"]
[Date "2008.2.25"]
[Round "1"]
[White "Ccello93"]
[Black "tratrax"]
[Result "1-0"]
[WhiteElo "2228"]
[BlackElo "1813"]

1. e4 c6 2. d4 d5 3. exd5 cxd5 4. Bd3 Nf6 5. Nf3 Bg4 6. c3 a6 7. Qb3 b5 8. Ne5
e6 9. a4 Nbd7 10. axb5 axb5 11. Rxa8 Qxa8 12. Bxb5 Qa7 13. Bg5 1-0